000 00351pab a2200133 454500
008 180718b xxu||||| |||| 00| 0 eng d
100 _aReddy, O'Chinnappa
245 _aSupreme court judgement on Mandal report
650 _a Supreme Court
650 _a Mandal Commission
650 _aBackward Classes - India
773 _aOther Side
909 _a24265
999 _c24265
_d24265